| 000 | 01124nam a2200277Ia 4500 | ||
|---|---|---|---|
| 003 | OSt | ||
| 005 | 20221005103602.0 | ||
| 006 | a|||||r|||| 00| 0 | ||
| 007 | ta | ||
| 008 | 221004b |||||||| |||| 00| 0 hin d | ||
| 020 |
_a9788186103388 (pbk) _c300 |
||
| 024 | _a108327 | ||
| 037 |
_b537, 14/03/2011, Eastern Book Linkers _cTextual |
||
| 040 |
_aCRL _cCRL _bhin |
||
| 041 |
_2hin _ahin |
||
| 082 | _aR691, 152Q0 | ||
| 100 | _aविद्यासागर सिंह | ||
| 245 | 0 |
_aचार्वाक एवं ह्यूम _b एक तुलनात्मक अध्ययन |
|
| 246 | _aChārvāk evan hyūma: ek tulanātmak adhyayana | ||
| 260 |
_aजोधपुर _bमिनर्वा पब्लिकेशन भारत _c2010 |
||
| 300 |
_a184पृ0 _ccm. |
||
| 650 | _aभारतीय दर्शन | ||
| 700 | _a तातेड़, सोहन राज | ||
| 942 |
_hR691, 152Q0 _cTEXL _2cc |
||
| 999 |
_c1010352 _d1010352 |
||